00382nam a22001577a 4500003000700000005001700007008004100024082001500065100001100080245001300091250001100104260002800115300000800143490005600151650001700207MPLRDC20220104124121.0210129b ||||| |||| 00| 0 eng d a868.71 SB  a诗葆 a祭品c a初版 ab南风出版社c1985 b平 a大马福联会暨雪兰莪福建会馆资助丛书 a马华文学